书目信息 |
| 题名: |
幽默管理
|
|
| 作者: | 李文丽 编著 | |
| 分册: | ||
| 出版信息: | 北京 中国时代经济出版社 2007.01 |
|
| 页数: | 182页 | |
| 开本: | 23cm | |
| 丛书名: | ||
| 单 册: | ||
| 中图分类: | C93 | |
| 科图分类: | ||
| 主题词: | 幽默 (美学)--you mo(mei xue)--应用--管理学 | |
| 电子资源: | ||
| ISBN: | 978-7-80221-251-0 | |
| 000 | 00802nam0 2200229 450 | |
| 001 | 012007566604 | |
| 005 | 20071008111019.54 | |
| 010 | @a978-7-80221-251-0@dCNY24.00 | |
| 100 | @a20070730d2007 km y0chiy0120 ea | |
| 101 | 0 | @achi |
| 102 | @aCN@b110000 | |
| 105 | @aa z 000yy | |
| 200 | 1 | @a幽默管理@Ayou mo guan li@e用幽默提高管理效能@f李文丽编著@Fli wen li bian zhu |
| 210 | @a北京@c中国时代经济出版社@d2007.01 | |
| 215 | @a182页@c图@d23cm | |
| 330 | @a本书介绍了如何在管理中运用幽默,阐述了在沟通、激励、组织管理、文化建设等多个方面恰当运用幽默的力量和价值。 | |
| 517 | 1 | @a用幽默提高管理效能@Ayong you mo ti gao guan li xiao neng |
| 606 | 0 | @a幽默 (美学)@Ayou mo(mei xue)@x应用@x管理学 |
| 690 | @aC93@v4 | |
| 701 | 0 | @a李文丽@Ali wen li@4编著 |
| 801 | 0 | @aCN@c20071008 |
| 905 | @dC93@eL283 | |
| 幽默管理:用幽默提高管理效能/李文丽编著.-北京:中国时代经济出版社,2007.01 |
| 182页:图;23cm |
| ISBN 978-7-80221-251-0:CNY24.00 |
| 本书介绍了如何在管理中运用幽默,阐述了在沟通、激励、组织管理、文化建设等多个方面恰当运用幽默的力量和价值。 |
| ● |
| 相关链接 |
|
|
|
正题名:幽默管理
索取号:C93/L283
 
预约/预借
| 序号 | 登录号 | 条形码 | 馆藏地/架位号 | 状态 | 备注 |
| 1 | 251912 | 202519122 | 社科库509/509社科库 63排4列6层/ [索取号:C93/L283] | 在馆 | |
| 2 | 251913 | 202519131 | 社科库509/509社科库 63排4列6层/ [索取号:C93/L283] | 在馆 |